• 首页
  • 本馆介绍
  • 公告通知
  • 最新文献
  • 馆藏检索
  • 电子资源
  • 读者导购
  • 参考咨询
  • 我的图书馆
  • 登录
  • 详细信息显示
  • 放入我的书架
  • 预约/预借图书
  • 作者相关作品
  • 分类相关作品
  • 丛书相关作品
  • 出版社相关作品

书目信息

  • 表格格式
  • 工作单格式
  • 卡片格式
题名:
医疗保健业
    
 
作者: 泰斯伯格 ;王旭东
分册:  
出版信息: 北京   中国人民大学出版社  2003
页数: 218
开本: 24cm
丛书名:
单 册:
中图分类: R199.712
科图分类:
主题词: 医药卫生组织机构 , 医疗保健事业
电子资源:
ISBN: 7-300-04784-X
000 00598nam0 2200205 450
001 0760515518
005 20070817164835.51
010    @a7-300-04784-X@d¥28.00
100    @a20070817d km y0chiy0120 ea
101 0  @achi
200 1  @a医疗保健业@Ayi liao bao jian ye@f泰斯伯格@Ftai si bo ge@g王旭东@Gwang xu dong
210    @a北京@c中国人民大学出版社@d2003
215    @a218@d24cm
606 0  @a医药卫生组织机构
606 0  @a医疗保健事业
690    @aR199.712@v3
701  0 @a泰斯伯格@Atai si bo ge
702  0 @a王旭东@Awang xu dong
801  0 @aCN@bPFT@c20070817
905    @a213230@dR199.712@eg1@f1
    
    医疗保健业/泰斯伯格/王旭东.-北京:中国人民大学出版社,2003
    218;24cm
    
    
    ISBN 7-300-04784-X:¥28.00
    
●
相关链接 在E读中查询图书 在五车中查询图书 在当当中查询图书 在豆瓣中查询图书


正题名:医疗保健业     索取号:R199.712/g1         预约/预借

序号 登录号 条形码 馆藏地/架位号 状态 备注
1 6501361   265013610   密集书库-海洋学院/ [索取号:R199.712/g1] 在馆    
2 6501362   265013629   密集书库-海洋学院/ [索取号:R199.712/g1] 在馆    
3 6501363   265013638   密集书库-海洋学院/ [索取号:R199.712/g1] 在馆    
4 6501364   265013647   密集书库-海洋学院/ [索取号:R199.712/g1] 在馆    
唐山师范学院图书馆 欢迎您!
大连网信软件有限公司© 版权所有